[Event "4NCL/Div1/WGR2 vs. 3CS1"]
[Site "Birmingham ENG"]
[Date "2005.11.20"]
[Round "4.4"]
[White "Ashton, Adam G"]
[Black "Sowray, Peter J"]
[Result "1/2-1/2"]
[WhiteElo "2331"]
[BlackElo "2352"]
[PlyCount "67"]
[EventDate "2005.11.20"]
[SourceDate "2005.10.25"]

1. e4 c5 2. Nf3 Nc6 3. Bb5 g6 4. O-O Bg7 5. Re1 e5 6. b4 cxb4 7. a3 Nge7 8.
axb4 O-O 9. Bb2 d6 10. Bxc6 bxc6 11. d4 Qc7 12. dxe5 dxe5 13. Ra5 Bg4 14. h3
Rfd8 15. Qe2 Bxf3 16. Qxf3 Nc8 17. Qg3 f6 18. Na3 Nb6 19. c4 Qf7 20. Qc3 Rd4
21. c5 Nc4 22. Nxc4 Qxc4 23. Qxc4+ Rxc4 24. Ba3 Rd8 25. Rxa7 Bh6 26. Ra6 Rd3
27. Ra1 Rc2 28. Rxc6 Be3 29. fxe3 Rdd2 30. Rxf6 Rxg2+ 31. Kf1 Rh2 32. Kg1 Rhg2+
33. Kf1 Rh2 34. Kg1 1/2-1/2

[Event "4NCL/Div1/WGR2 vs. 3CS1"]
[Site "Birmingham ENG"]
[Date "2005.11.20"]
[Round "4.5"]
[White "Rechel, Bernd"]
[Black "James, Dale R"]
[Result "1/2-1/2"]
[WhiteElo "2416"]
[BlackElo "2199"]
[PlyCount "104"]
[EventDate "2005.11.20"]
[SourceDate "2005.10.25"]

1. e4 Nf6 2. e5 Nd5 3. d4 d6 4. Nf3 Bg4 5. Be2 e6 6. Ng5 Bxe2 7. Qxe2 Nc6 8.
Nf3 dxe5 9. dxe5 h6 10. O-O Bc5 11. Rd1 Qe7 12. c4 Nb6 13. Nc3 Rd8 14. Bf4 a6
15. Rxd8+ Kxd8 16. a3 Kc8 17. b4 Bd4 18. Nxd4 Nxd4 19. Qe4 Rd8 20. c5 Na8 21.
Be3 f5 22. exf6 Qxf6 23. Bxd4 Rxd4 24. Qe2 c6 {(=)} 25. Re1 Nc7 26. Ne4 Qf4 27.
g3 Qf8 28. Qe3 Rd7 29. Nd6+ Kb8 30. Qe5 Qf6 31. Qxf6 gxf6 32. Re4 Rg7 33. f4 f5
34. Re2 Rg6 35. Kg2 Nd5 36. Kh3 Kc7 37. Nc4 Nc3 38. Re1 Ne4 39. Kg2 Rg7 40. Rd1
Re7 41. Rd4 Rg7 42. Kh3 h5 43. Nd6 Rd7 44. Kh4 Nf6 45. Kg5 Nd5 46. Rd2 Rg7+ 47.
Kh4 Rg4+ 48. Kh3 h4 49. Nc4 hxg3 50. hxg3 Rg6 51. Ne5 Rg7 52. Nf3 Kd7 1/2-1/2

[Event "4NCL/Div1/WGR2 vs. 3CS1"]
[Site "Birmingham ENG"]
[Date "2005.11.20"]
[Round "4.6"]
[White "Longson, Alexander"]
[Black "Pein, Malcolm"]
[Result "0-1"]
[WhiteElo "2264"]
[BlackElo "2403"]
[PlyCount "60"]
[EventDate "2005.11.20"]
[SourceDate "2005.10.25"]

1. e4 d6 2. d4 g6 3. Nc3 Bg7 4. Be3 a6 5. Qd2 Nd7 6. f3 b5 7. O-O-O Bb7 8. h4
h5 9. Nh3 Rc8 10. Nf2 c5 11. Ne2 Nb6 12. Nf4 cxd4 13. Bxd4 e5 14. Bxb6 Qxb6 15.
N4h3 Bh6 16. f4 exf4 17. Nxf4 Nf6 18. Bd3 O-O 19. g4 hxg4 20. Rhg1 Qd4 21. Nxg4
Nxg4 22. Rxg4 Bg7 23. c3 b4 24. Ne2 bxc3 25. Nxc3 Qb4 26. Kc2 Qa5 27. Kb1 Rxc3
28. bxc3 Bxc3 29. Qc2 Bd5 30. Rdg1 Bxa2+ 0-1

[Event "4NCL/Div1/WGR2 vs. 3CS1"]
[Site "Birmingham ENG"]
[Date "2005.11.20"]
[Round "4.7"]
[White "Sedina, Elena"]
[Black "Walton, Alan J"]
[Result "1/2-1/2"]
[WhiteElo "2390"]
[BlackElo "2197"]
[PlyCount "159"]
[EventDate "2005.11.20"]
[SourceDate "2005.10.25"]

1. e4 e6 2. d4 d5 3. Nd2 Nf6 4. e5 Nfd7 5. c3 c5 6. Bd3 Nc6 7. Ne2 cxd4 8. cxd4
Qb6 9. Nf3 f6 10. exf6 Nxf6 11. O-O Bd6 12. b3 O-O 13. Bb2 Bd7 14. Ng3 Kh8 15.
Ne5 Nxd4 16. Nxd7 Nxd7 17. Qh5 Nf6 18. Qh4 Bxg3 19. hxg3 Nf5 20. Qh3 Nh6 21.
Kh1 e5 22. f3 Nf7 23. Rae1 Rae8 24. Ba3 Rg8 25. Bg6 Ng5 26. Qh4 Re6 27. Bf5 Nf7
28. Bxe6 Qxe6 29. Bb2 g5 30. Qd4 Re8 31. Qxa7 Nh5 32. Qf2 Qa6 33. Kg1 Kg8 34.
Bc1 h6 35. f4 gxf4 36. gxf4 e4 37. Be3 Qg6 38. f5 Qg4 39. Rd1 Ng3 40. Rfe1 Qh4
41. Qf4 Qxf4 42. Bxf4 Nh5 43. Be3 Rd8 44. Bf2 Nf4 45. Bg3 Nd3 46. Re3 Kg7 47.
Bh4 Ng5 48. g4 Kf6 49. Rdxd3 exd3 50. Re6+ Kf7 51. Bxg5 hxg5 52. Kf2 Rh8 53.
Rb6 Rh2+ 54. Ke1 Re2+ 55. Kd1 Rxa2 56. Rg6 Rg2 57. Rxg5 Kf6 58. Rg8 Ke5 59.
Re8+ Kd4 60. f6 Rg1+ 61. Kd2 Rg2+ 62. Kd1 Rg1+ 63. Re1 Rxg4 64. Rf1 Rg8 65. f7
Rf8 66. Kd2 Ke4 67. Rf2 Kd4 68. Rf3 Ke5 69. Kxd3 Ke6 70. Kd4 Rxf7 71. Rxf7 Kxf7
72. Kxd5 Ke7 73. Kc5 Kd7 74. Kb6 Kc8 75. Ka7 Kc7 76. b4 Kc6 77. b5+ Kc7 78. Ka8
Kb6 79. Kb8 Kxb5 80. Kxb7 1/2-1/2

[Event "4NCL/Div1/AD vs. BET"]
[Site "Birmingham ENG"]
[Date "2005.11.20"]
[Round "4.1"]
[White "Chandler, Murray G"]
[Black "Ledger, Andrew J"]
[Result "1/2-1/2"]
[WhiteElo "2537"]
[BlackElo "2438"]
[PlyCount "73"]
[EventDate "2005.11.20"]
[SourceDate "2005.10.25"]

1. e4 d5 2. exd5 Qxd5 3. Nc3 Qd6 4. d4 Nf6 5. Be3 c6 6. Nf3 Bf5 7. Bd3 Bxd3 8.
Qxd3 Nbd7 9. O-O e6 10. Rfe1 Be7 11. a3 O-O 12. Rad1 Rfd8 13. Qe2 Qc7 14. h3
Nd5 15. Bd2 Nxc3 16. Bxc3 Nb6 17. Ba5 Rd5 18. b4 Qc8 19. Bxb6 axb6 20. c4 Rd8
21. Rd3 Bf6 22. Qd1 b5 23. cxb5 cxb5 24. d5 exd5 25. Rxd5 Qc6 26. Rxd8+ Rxd8
27. Qb1 Rc8 28. Qf5 g6 29. Qf4 Kg7 30. Ng5 Qc3 31. Rd1 Bxg5 32. Qxg5 Qxa3 33.
Qxb5 Rc1 34. Qe5+ Kg8 35. Qe8+ Kg7 36. Qe5+ Kg8 37. Qe8+ 1/2-1/2

[Event "4NCL/Div1/AD vs. BET"]
[Site "Birmingham ENG"]
[Date "2005.11.20"]
[Round "4.2"]
[White "Hunt, Adam C"]
[Black "Richardson, John R"]
[Result "1-0"]
[WhiteElo "2431"]
[BlackElo "2356"]
[PlyCount "81"]
[EventDate "2005.11.20"]
[SourceDate "2005.10.25"]

1. e4 c6 2. d4 d5 3. exd5 cxd5 4. c4 Nf6 5. Nc3 e6 6. Nf3 Bb4 7. cxd5 Nxd5 8.
Bd2 Nc6 9. Bd3 O-O 10. O-O Be7 11. Qe2 Nf6 12. Ne4 Qb6 13. a3 Bd7 14. Be3 Nd5
15. Rfd1 Rad8 16. Rac1 Bc8 17. b4 a6 18. Bb1 Qc7 19. Ne5 Qb6 20. Nxc6 bxc6 21.
Bg5 f5 22. Bxe7 Nxe7 23. Ng5 Rd6 24. Ba2 Nd5 25. Rc5 h6 26. Nf3 Nf6 27. Rxf5
Rfd8 28. Rc5 Nd5 29. Ne5 Nf4 30. Qf3 Rxd4 31. Rxd4 Rxd4 32. h3 Bb7 33. Bxe6+
Nxe6 34. Qf7+ Kh7 35. Qg6+ Kh8 36. Nf7+ Kg8 37. Nxh6+ Kh8 38. Nf7+ Kg8 39. Qxe6
Rd1+ 40. Kh2 Qc7+ 41. Nd6+ 1-0

[Event "4NCL/Div1/AD vs. BET"]
[Site "Birmingham ENG"]
[Date "2005.11.20"]
[Round "4.3"]
[White "Cafferty, Bernard"]
[Black "Ansell, Simon"]
[Result "0-1"]
[WhiteElo "2207"]
[BlackElo "2383"]
[PlyCount "82"]
[EventDate "2005.11.20"]
[SourceDate "2005.10.25"]

1. c4 e5 2. Nc3 d6 3. Nf3 f5 4. d4 e4 5. Ng5 h6 6. Nh3 g5 7. e3 Nf6 8. f3 exf3
9. gxf3 Bg7 10. Nf2 Qe7 11. Bg2 f4 12. O-O fxe3 13. Nfe4 O-O 14. Bxe3 c6 15.
Qb3 {(=)} Be6 16. Rae1 Nxe4 17. fxe4 Na6 18. Rxf8+ Rxf8 19. d5 Bc8 20. Qd1 c5
21. Qd2 Nc7 22. Ne2 Be5 23. b3 Ne8 24. Nc1 Nf6 25. Nd3 Ng4 26. Nxe5 Qxe5 27.
Bh3 Rf2 28. Bxf2 Qxh2+ 29. Kf1 Qxh3+ 30. Kg1 Qh2+ 31. Kf1 Ne5 32. Qe3 Bg4 33.
Rc1 Qh1+ 34. Bg1 Bf3 35. Rc2 Ng4 36. Qc3 Bxe4 37. Re2 Bf3 38. Re8+ Kf7 39. Re7+
Kg6 40. Qg7+ Kh5 41. Qf7+ Kh4 0-1

[Event "4NCL/Div1/AD vs. BET"]
[Site "Birmingham ENG"]
[Date "2005.11.20"]
[Round "4.4"]
[White "Eames, Robert G"]
[Black "Snape, Ian"]
[Result "1/2-1/2"]
[WhiteElo "2320"]
[BlackElo "2258"]
[PlyCount "66"]
[EventDate "2005.11.20"]
[SourceDate "2005.10.25"]

1. e4 c5 2. Nf3 d6 3. d4 cxd4 4. Nxd4 Nf6 5. Nc3 g6 6. Be3 Bg7 7. f3 O-O 8. Qd2
Nc6 9. Bc4 Bd7 10. h4 Rc8 11. Bb3 h5 12. O-O-O Ne5 13. Bg5 Rc5 14. f4 Nc4 15.
Qd3 Ng4 16. Bxc4 Nf2 17. Qe2 Nxh1 18. Bb3 Bg4 19. Nf3 Rxc3 20. bxc3 Qa5 21. Rd3
Bxc3 22. Qe3 Rc8 23. f5 Qa3+ 24. Kd1 Qb2 25. fxg6 Qa1+ 26. Qc1 Nf2+ 27. Ke2
Nxd3 28. gxf7+ Kh7 29. Qxa1 Bxa1 30. Kxd3 Bxf3 31. Bxe7 Bxg2 32. f8=Q Rxf8 33.
Bxf8 Be5 1/2-1/2

[Event "4NCL/Div1/AD vs. BET"]
[Site "Birmingham ENG"]
[Date "2005.11.20"]
[Round "4.5"]
[White "Graham, David B"]
[Black "Ledger, David J"]
[Result "1/2-1/2"]
[WhiteElo "2224"]
[BlackElo "2278"]
[PlyCount "143"]
[EventDate "2005.11.20"]
[SourceDate "2005.10.25"]

1. e4 e5 2. Nf3 Nc6 3. d4 exd4 4. c3 d5 5. exd5 Qxd5 6. cxd4 Nf6 7. Nc3 Bb4 8.
Bd2 Qd8 9. Be3 O-O 10. Bc4 Nd5 11. Qd2 Nce7 12. O-O c6 13. a3 Ba5 14. Ne5 Be6
15. b4 Bc7 16. Nxd5 Bxd5 17. Qe2 Bxc4 18. Qxc4 Qd5 19. Rac1 Rfd8 20. Rfe1 a6
21. Nd3 Qxc4 22. Rxc4 Nd5 23. Nc5 b5 24. Rcc1 Bb6 25. Nd3 Rac8 26. Ne5 Rd6 27.
Kf1 a5 28. Bd2 f6 29. Nf3 axb4 30. axb4 Kf7 31. Ra1 Re6 32. Rxe6 Kxe6 33. Ke2
Nc7 34. Kd3 Ra8 35. Rxa8 Nxa8 36. Ne1 Bc7 37. h3 Nb6 38. Nc2 Nd5 39. g3 Bd6 40.
Ke4 g6 41. Kd3 h5 42. Ke4 g5 43. Be1 h4 44. Kf3 f5 45. Bd2 Be7 46. Be1 Kf6 47.
Bd2 Kg6 48. Be1 Bd6 49. Bd2 Nf6 50. Ne3 hxg3 51. fxg3 Bxg3 52. Kxg3 Ne4+ 53.
Kg2 Nxd2 54. d5 cxd5 55. Nxd5 Nc4 56. Kg3 Nd6 57. Kf3 Kh5 58. Nc7 Kh4 59. Ne6
f4 60. Kg2 Nf5 61. Kf3 Ne3 62. Nd4 Kxh3 63. Nxb5 Nd5 64. Nd4 Nxb4 65. Ne6 g4+
66. Kxf4 g3 67. Ng5+ Kh2 68. Nf3+ Kg2 69. Ng5 Nd5+ 70. Kg4 Nf6+ 71. Kh4 Kf2 72.
Nh3+ 1/2-1/2

[Event "4NCL/Div1/AD vs. BET"]
[Site "Birmingham ENG"]
[Date "2005.11.20"]
[Round "4.6"]
[White "Adelaja, Abimbola"]
[Black "Broom, Mark"]
[Result "1-0"]
[WhiteElo "2225"]
[BlackElo "2189"]
[PlyCount "61"]
[EventDate "2005.11.20"]
[SourceDate "2005.10.25"]

1. Nc3 d5 2. e4 dxe4 3. Nxe4 Nf6 4. Nxf6+ exf6 5. d4 Bd6 6. Bd3 O-O 7. Ne2 Re8
8. O-O Bg4 9. c3 c5 10. dxc5 Bxc5 11. Qc2 g6 12. h3 Bxe2 13. Bxe2 Qc7 14. Bb5
Nc6 15. Qa4 Re6 16. Bf4 Ne5 17. Rad1 Bd6 18. Rd4 a6 19. Rfd1 Rd8 20. Be2 Rde8
21. Rxd6 R6e7 22. Bh6 g5 23. Rxf6 b5 24. Qd4 Rd7 25. Rd6 Rxd6 26. Qxd6 Qxd6 27.
Rxd6 f6 28. Rxf6 Nd7 29. Rd6 Ne5 30. Rxa6 Nf7 31. Bxb5 1-0

[Event "4NCL/Div1/AD vs. BET"]
[Site "Birmingham ENG"]
[Date "2005.11.20"]
[Round "4.7"]
[White "Anderton, David"]
[Black "Ledger, Stephen C"]
[Result "1/2-1/2"]
[WhiteElo "2267"]
[BlackElo "2171"]
[PlyCount "85"]
[EventDate "2005.11.20"]
[SourceDate "2005.10.25"]

1. d4 Nf6 2. c4 c5 3. d5 b5 4. cxb5 a6 5. b6 e6 6. Nc3 Nxd5 7. Nxd5 exd5 8.
Qxd5 Nc6 9. Nf3 Rb8 10. e4 Be7 11. Bc4 O-O 12. O-O Rxb6 13. Bd2 d6 14. Qh5 Be6
15. Bxe6 fxe6 16. Bc3 Qc8 17. Rad1 e5 18. Rfe1 g6 19. Qh6 Rf4 20. Ng5 Bxg5 21.
Qxg5 Nd4 22. Bxd4 cxd4 23. g3 Rf7 24. Rc1 Rc6 25. Rxc6 Qxc6 26. h4 Qc2 27. f4
Qd2 28. Rf1 Qe3+ 29. Rf2 Qe1+ 30. Rf1 Qxe4 31. Qd8+ Kg7 32. Qxd6 Qe3+ 33. Kg2
exf4 34. Rxf4 Qd2+ 35. Kh3 Rxf4 36. gxf4 Qe3+ 37. Kg2 d3 38. f5 Qe4+ 39. Kg3
Qe3+ 40. Kg2 Qe4+ 41. Kg3 Qxf5 42. Qd4+ Kh6 43. b4 1/2-1/2

[Event "4NCL/Div1/AD vs. BET"]
[Site "Birmingham ENG"]
[Date "2005.11.20"]
[Round "4.8"]
[White "Lyell, Meri"]
[Black "Bellin, Jana"]
[Result "0-1"]
[WhiteElo "2053"]
[BlackElo "2170"]
[PlyCount "64"]
[EventDate "2005.11.20"]
[SourceDate "2005.10.25"]

1. e4 c5 2. b3 Nc6 3. Bb2 e6 4. f4 d5 5. e5 Nge7 6. Bb5 a6 7. Bxc6+ Nxc6 8. Nf3
Be7 9. O-O O-O 10. Nc3 b5 11. Ne2 d4 12. d3 Nb4 13. Ng3 Nd5 14. Bc1 Bb7 15. f5
Kh8 16. Ne1 Bg5 17. Qh5 Bxc1 18. Rxc1 g6 19. Qh6 exf5 20. Nf3 f6 21. Nh4 Rg8
22. exf6 Nxf6 23. Nhxf5 Ng4 24. Qh3 gxf5 25. Rxf5 Qe7 26. Ne4 Bxe4 27. dxe4 Ne3
28. Rf2 Qxe4 29. g3 Raf8 30. Re2 b4 31. Rce1 Qf5 32. Qxf5 Rxf5 0-1

[Event "4NCL/Div1/NWE1 vs. BAR2"]
[Site "Birmingham ENG"]
[Date "2005.11.20"]
[Round "4.1"]
[White "Quillan, Gary"]
[Black "Cox, John J"]
[Result "1-0"]
[WhiteElo "2356"]
[BlackElo "2384"]
[PlyCount "80"]
[EventDate "2005.11.20"]
[SourceDate "2005.10.25"]

1. e4 Nf6 2. e5 Nd5 3. d4 d6 4. Nf3 dxe5 5. Nxe5 c6 6. Bc4 Nd7 7. Nf3 N7b6 8.
Be2 Bg4 9. O-O e6 10. Re1 Be7 11. h3 Bh5 12. Ne5 Bxe2 13. Qxe2 O-O 14. c4 Nf6
15. Be3 Nbd7 16. Nc3 Bb4 17. Bg5 Bxc3 18. bxc3 Qc7 19. Rad1 c5 20. Rd3 cxd4 21.
cxd4 Nxe5 22. dxe5 Nd7 23. Rd4 Rfe8 24. Qh5 Nf8 25. Rh4 h6 26. Bf6 Ng6 27. Ree4
gxf6 28. exf6 Red8 29. g3 Kf8 30. Rxe6 fxe6 31. Qxh6+ Kf7 32. Qg7+ Ke8 33. Qxc7
Rd7 34. Qc5 Nxh4 35. Qh5+ Rf7 36. Qxh4 Rd8 37. g4 Rd4 38. Qh5 Rxc4 39. Qb5+ Rc6
40. g5 Kd7 1-0

[Event "4NCL/Div1/NWE1 vs. BAR2"]
[Site "Birmingham ENG"]
[Date "2005.11.20"]
[Round "4.2"]
[White "Pritchett, Craig W"]
[Black "Morrison, Graham"]
[Result "0-1"]
[WhiteElo "2291"]
[BlackElo "2326"]
[PlyCount "94"]
[EventDate "2005.11.20"]
[SourceDate "2005.10.25"]

1. e4 c5 2. Nf3 e6 3. d4 cxd4 4. Nxd4 Nc6 5. Nc3 Qc7 6. Be2 a6 7. O-O Nf6 8.
Kh1 Be7 9. f4 d6 10. a4 O-O 11. Bf3 Nd7 12. Nb3 b6 13. g4 Re8 14. g5 Bf8 15.
Bg2 Bb7 16. f5 Nde5 17. Bf4 g6 18. Qe2 Rac8 19. Rae1 Na5 20. Nxa5 bxa5 21. Qf2
Bg7 22. f6 Bf8 23. Bc1 Qc5 24. Qg3 Qb4 25. h4 h5 26. gxh6 Kh7 27. h5 Rc5 28.
hxg6+ Nxg6 29. Bf3 Rec8 30. Re2 Rxc3 31. bxc3 Qxa4 32. Qe1 Rc4 33. Rg1 Qc6 34.
Bd2 a4 35. Rg5 a3 36. Ra5 Ra4 37. Rxa4 Qxa4 38. Qa1 {(=)} a2 39. Bc1 Ne5 40.
Bg2 Qb5 41. Re1 Ng4 42. Qxa2 Qh5+ 43. Kg1 Qc5+ 44. Kh1 Qf2 45. Rd1 d5 46. Qa5
Bc5 47. Bg5 Qg3 0-1

[Event "4NCL/Div1/NWE1 vs. BAR2"]
[Site "Birmingham ENG"]
[Date "2005.11.20"]
[Round "4.3"]
[White "Littlewood, John E"]
[Black "Berry, Neil"]
[Result "0-1"]
[WhiteElo "2275"]
[BlackElo "2289"]
[PlyCount "54"]
[EventDate "2005.11.20"]
[SourceDate "2005.10.25"]

1. e4 e6 2. Qe2 Nf6 3. f4 d5 4. e5 Nfd7 5. Nf3 c5 6. g3 Nc6 7. Bg2 Be7 8. O-O
O-O 9. d3 b5 10. f5 exf5 11. e6 Nb6 12. exf7+ Rxf7 13. a4 bxa4 14. c4 Bb7 15.
Nc3 dxc4 16. dxc4 Bf6 17. Nd5 Nxd5 18. cxd5 Nd4 19. Nxd4 Bxd4+ 20. Kh1 Bxd5 21.
Rxa4 Rb8 22. Rd1 Qd7 23. Bf4 Re8 24. Qc2 Bxg2+ 25. Kxg2 Qd5+ 26. Kh3 Qf3 27.
Rd2 g5 0-1

[Event "4NCL/Div1/NWE1 vs. BAR2"]
[Site "Birmingham ENG"]
[Date "2005.11.20"]
[Round "4.4"]
[White "Hodgson, John H"]
[Black "van der Linden, Lukas"]
[Result "1/2-1/2"]
[WhiteElo "2217"]
[BlackElo "2281"]
[PlyCount "89"]
[EventDate "2005.11.20"]
[SourceDate "2005.10.25"]

1. e4 c5 2. Nf3 Nc6 3. d4 cxd4 4. Nxd4 e6 5. Nc3 Qc7 6. Be2 a6 7. O-O Nf6 8.
Be3 Be7 9. f4 d6 10. a4 O-O 11. Kh1 Rd8 12. Qe1 Bd7 13. Nb3 b6 14. Qf2 Rdb8 15.
g4 Be8 16. g5 Nd7 17. Bg4 Nf8 18. h4 Qb7 19. Bh3 b5 20. axb5 axb5 21. Rae1 b4
22. Ne2 Ra2 23. Bc1 Bd8 24. h5 Bb6 25. Qh4 Na7 26. Bg2 Nb5 27. Ng3 Rc8 28. f5
Rxc2 29. f6 Nd4 30. fxg7 Nxb3 31. gxf8=Q+ Kxf8 32. g6 Nxc1 33. gxf7 Bxf7 34.
Qf6 Rf2 35. Rxf2 Bxf2 36. Rxc1 Bxg3 37. h6 Ra8 38. Qg7+ Ke8 39. Qxg3 Qe7 40. e5
d5 41. Bf1 Bg6 42. Bb5+ Kd8 43. Qf2 Rb8 44. Ba6 Bf5 45. Rg1 1/2-1/2

[Event "4NCL/Div1/NWE1 vs. BAR2"]
[Site "Birmingham ENG"]
[Date "2005.11.20"]
[Round "4.5"]
[White "Hague, Ben"]
[Black "Taylor, Peter"]
[Result "1/2-1/2"]
[WhiteElo "2300"]
[BlackElo "2241"]
[PlyCount "100"]
[EventDate "2005.11.20"]
[SourceDate "2005.10.25"]

1. e4 c6 2. d4 d5 3. exd5 cxd5 4. c4 Nf6 5. Nc3 e6 6. Nf3 Bb4 7. cxd5 Nxd5 8.
Qc2 Nc6 9. Be2 O-O 10. O-O Re8 11. Rd1 Bf8 12. Qe4 g6 13. Bg5 f6 14. Bd2 f5 15.
Qc2 Bg7 16. Bg5 Qb6 17. Bc4 Nxc3 18. bxc3 Bd7 19. Qd2 Na5 20. Bf1 Bc6 21. Rab1
Qc7 22. Bf4 Qe7 23. Ne5 Be4 24. Rbc1 b6 25. f3 Bb7 26. Re1 Rac8 27. Qe3 Bd5 28.
Ba6 Bb7 29. Bb5 Red8 30. Bg5 Bf6 31. Bxf6 Qxf6 32. c4 a6 33. Ba4 Nc6 34. Bxc6
Bxc6 35. Red1 b5 36. d5 exd5 37. cxd5 Bb7 38. Rxc8 Bxc8 39. Nc6 Rf8 40. Ne7+
Kf7 41. Nxc8 Rxc8 42. d6 Qe6 43. Qa7+ Kf6 44. h3 h5 45. Qxa6 Rc1 46. Rxc1 Qe3+
47. Kf1 Qxc1+ 48. Ke2 Qc2+ 49. Ke1 Qc1+ 50. Ke2 Qc2+ 1/2-1/2

[Event "4NCL/Div1/NWE1 vs. BAR2"]
[Site "Birmingham ENG"]
[Date "2005.11.20"]
[Round "4.6"]
[White "Coleman, David"]
[Black "Kennaugh, Charles W"]
[Result "1/2-1/2"]
[WhiteElo "2245"]
[BlackElo "2274"]
[PlyCount "68"]
[EventDate "2005.11.20"]
[SourceDate "2005.10.25"]

1. e4 e5 2. Nf3 Nc6 3. d4 exd4 4. Bc4 Nf6 5. e5 Ng4 6. Qe2 Qe7 7. Bf4 d6 8.
exd6 Qxe2+ 9. Bxe2 Bxd6 10. Bxd6 cxd6 11. Na3 Nge5 12. Nb5 Ke7 13. Nbxd4 Nxf3+
14. Nxf3 Bf5 15. O-O-O Rhd8 16. Nd4 Nxd4 17. Rxd4 Rac8 18. c3 Rc5 19. f4 Be6
20. Re1 Kf6 21. g4 h6 22. Kc2 Rd5 23. Red1 Rxd4 24. Rxd4 g6 25. Ra4 a6 26. Rb4
Bd5 27. Rd4 Be6 28. h4 Rd7 29. a3 Ke7 30. Kd2 Rc7 31. Bf3 a5 32. g5 hxg5 33.
hxg5 b6 34. Ke3 Rc8 1/2-1/2

[Event "4NCL/Div1/NWE1 vs. BAR2"]
[Site "Birmingham ENG"]
[Date "2005.11.20"]
[Round "4.7"]
[White "Hughes, Howard R"]
[Black "Flower, David G"]
[Result "1/2-1/2"]
[WhiteElo "2194"]
[BlackElo "2106"]
[PlyCount "89"]
[EventDate "2005.11.20"]
[SourceDate "2005.10.25"]

1. e4 d6 2. d4 Nf6 3. Nc3 e5 4. Nf3 Nbd7 5. Bc4 Be7 6. Ng5 O-O 7. f4 Nb6 8. Bb3
Bg4 9. Nf3 exd4 10. Qxd4 c5 11. Qd3 c4 12. Bxc4 Nxc4 13. Qxc4 Bxf3 14. gxf3 Rc8
15. Qd3 Qb6 16. Qe3 Qa6 17. Qe2 Qb6 18. Qf2 Qa6 19. Be3 Rfd8 20. Qe2 Qa5 21.
O-O d5 22. Rfd1 dxe4 23. fxe4 Qb4 24. e5 Ne4 25. Nd5 Rxd5 26. Rxd5 Qxb2 27. Bd4
Bc5 28. Rd1 Nc3 29. Kf1 Bxd4 30. R5xd4 Nxd1 31. Qxd1 Rf8 32. Rd8 Qb5+ 33. Qd3
Qxd3+ 34. Rxd3 h6 35. Rd7 Rc8 36. Rxb7 Rxc2 37. Rxa7 Rxh2 38. a3 Rc2 39. Ra4 g6
40. Re4 Kg7 41. Rb4 g5 42. fxg5 {(=)} hxg5 43. a4 Ra2 44. Rc4 Kg6 45. Rc6+
1/2-1/2

[Event "4NCL/Div1/NWE1 vs. BAR2"]
[Site "Birmingham ENG"]
[Date "2005.11.20"]
[Round "4.8"]
[White "Smith, Lucy"]
[Black "Milligan, Helen"]
[Result "1/2-1/2"]
[WhiteElo "1900"]
[BlackElo "2045"]
[PlyCount "35"]
[EventDate "2005.11.20"]
[SourceDate "2005.10.25"]

1. d4 Nf6 2. c4 e6 3. Nc3 Bb4 4. Bd2 O-O 5. Nf3 b6 6. e3 Bb7 7. a3 Bxc3 8. Bxc3
Ne4 9. Rc1 d6 10. Be2 Nd7 11. O-O Nxc3 12. Rxc3 Nf6 13. Nd2 Ne4 14. Nxe4 Bxe4
15. f3 Bg6 16. Bd3 Bxd3 17. Qxd3 Qe7 18. e4 1/2-1/2